| Tag |
First Indicator |
Second Indicator |
Subfields |
| LEADER |
00000cem a2200000Mu 4500 |
| 001 |
in00002776521 |
| 005 |
20150922111208.0 |
| 007 |
aj canzn |
| 008 |
120815s1985 vau a 1 eng d |
| 034 |
1 |
|
|a a
|b 9600
|
| 040 |
|
|
|d UtOrBLW
|
| 043 |
|
|
|a n-us-tx
|
| 052 |
|
|
|a 4034
|b G3
|
| 090 |
|
|
|a G4034.G3A3 1985
|b .U5
|
| 110 |
1 |
|
|a United States.
|b Army.
|b Corps of Engineers.
|
| 245 |
1 |
0 |
|a Port facilities at Galveston, Texas /
|c Water Resources Support Center, U.S. Army Corps of Engineers.
|
| 255 |
|
|
|a Scale [ca. 1:9,600]
|
| 264 |
|
1 |
|a Fort Belvoir, VA :
|b Corp.,
|c 1985.
|
| 300 |
|
|
|a 1 map :
|b color ;
|c 51 x 97 cm.
|
| 336 |
|
|
|a cartographic image
|b cri
|2 rdacontent
|
| 337 |
|
|
|a unmediated
|b n
|2 rdamedia
|
| 338 |
|
|
|a sheet
|b nb
|2 rdacarrier
|
| 500 |
|
|
|a "Aerial photography, April, 1979."
|
| 500 |
|
|
|a "Port series Number 23."
|
| 500 |
|
|
|a Cartographic material.
|
| 651 |
|
0 |
|a Galveston (Tex.)
|v Maps.
|
| 655 |
|
7 |
|a Aerial views.
|2 lcgft
|
| 948 |
|
|
|a Needs original cataloging
|b h
|c 2012/8/15
|d c
|e jgreene
|f 9:54:33 am
|
| 999 |
|
|
|a MARS
|
| 999 |
f |
f |
|s 786349a6-094f-3626-872a-ae35865702c0
|i 7f01454f-13a7-3ff0-b2e3-ea3b78a3823f
|t 0
|
| 952 |
f |
f |
|p normal
|a Texas A&M University
|b College Station
|c Sterling C. Evans Library
|d Evans: Maps (2nd floor)
|t 0
|e G4034.G3A3 1985 .U5
|h Library of Congress classification
|i unmediated -- sheet
|m A14841102795
|
| 998 |
f |
f |
|a G4034.G3A3 1985 .U5
|t 0
|l Evans: Maps (2nd floor)
|